A prescriptive right to ease congestion (Record no. 82262)
[ view plain ]
| 000 -LEADER | |
|---|---|
| fixed length control field | 00897cab a22002055a 4500 |
| 001 - CONTROL NUMBER | |
| control field | L149718 |
| 008 - FIXED-LENGTH DATA ELEMENTS--GENERAL INFORMATION | |
| fixed length control field | 100414s20100403xxk 000 0 eng d |
| 035 ## - SYSTEM CONTROL NUMBER | |
| System control number | (Sirsi) u149718 |
| 041 0# - LANGUAGE CODE | |
| Language code of text/sound track or separate title | eng |
| 100 1# - MAIN ENTRY--PERSONAL NAME | |
| Personal name | Floate, Lucy |
| 245 02 - TITLE STATEMENT | |
| Title | A prescriptive right to ease congestion |
| 260 ## - PUBLICATION, DISTRIBUTION, ETC. | |
| Date of publication, distribution, etc. | 2010 |
| 490 ## - SERIES STATEMENT | |
| Series statement | Estates Gazette |
| Volume/sequential designation | (1013) 3 April 2010, 77(1) |
| 520 ## - SUMMARY, ETC. | |
| Summary, etc. | "Safestore and others v RSN Properties Ltd" 2009 upheld the prescriptive right to park principle on the grounds that the claimant had exercised the right without permission, secrecy or force, for at least 20 years. Assesses the impact of the decision for freehold owners of land on which people park and for those wishing to exercise their prescriptive right to park. |
| 590 ## - LOCAL NOTE (RLIN) | |
| Local note | KA |
| 650 24 - SUBJECT ADDED ENTRY--TOPICAL TERM | |
| Topical term or geographic name entry element | SAFESTORE AND OTHERS V RSN PROPERTY LTD |
| 651 #4 - SUBJECT ADDED ENTRY--GEOGRAPHIC NAME | |
| Geographic name | ENGLAND AND WALES |
| 690 ## - LOCAL SUBJECT ADDED ENTRY--TOPICAL TERM (OCLC, RLIN) | |
| Topical term or geographic name as entry element | Boundary disputes |
| 9 (RLIN) | 6221 |
| 942 ## - ADDED ENTRY ELEMENTS (KOHA) | |
| Suppress in OPAC | 0 |
| Withdrawn status | Lost status | Source of classification or shelving scheme | Damaged status | Not for loan | Home library | Current library | Shelving location | Date acquired | Total Checkouts | Full call number | Barcode | Date last seen | Copy number | Price effective from | Koha item type |
|---|---|---|---|---|---|---|---|---|---|---|---|---|---|---|---|
| Dewey Decimal Classification | London | London | Journal article | 14/04/2010 | L149718 | 149718-1001 | 06/08/2019 | 1 | 06/08/2019 | Journal article |